Razón de la liturgia católica o sea explicación históricoteológica de los ritos de la iglesia
Enregistré dans:
| Auteur principal: | |
|---|---|
| Format: | Livre |
| Langue: | espagnol |
| Publié: |
Barcelona
Luis Gili
1929
|
| Édition: | 1a. ed |
| Sujets: | |
| Tags: |
Ajouter un tag
Pas de tags, Soyez le premier à ajouter un tag!
|
MARC
| LEADER | 00000cam a2200000 a 4500 | ||
|---|---|---|---|
| 001 | UCD0616 | ||
| 003 | CL-VaPUC | ||
| 008 | 151204e19290000sp |||||||||||||||||spa|d | ||
| 082 | 0 | 4 | |a 242.2 |b CIR |2 21 |
| 100 | 0 | |a Cirera y Prat, Eduardo |e author |9 583574 | |
| 245 | 1 | 0 | |a Razón de la liturgia católica o sea explicación históricoteológica de los ritos de la iglesia |
| 250 | |a 1a. ed | ||
| 300 | |a 827 p | ||
| 942 | |c BK | ||
| 945 | |d 20151204 12:43:00 |a gsalatino | ||
| 260 | |a Barcelona |b Luis Gili |c 1929 | ||
| 650 | 7 | |a LITURGIA |2 CL-VaPUC |9 583575 | |
| 650 | 0 | |a Liturgia católica |9 516111 | |
| 650 | 0 | |a Sacramentos |9 257270 | |
| 650 | 0 | |a Eucaristía |9 257336 | |
| 650 | 0 | |a Ceremonias |9 337653 | |
| 583 | |a last modification |c 20151204 12:43:00 |k Rodrigo Vera | ||
| 999 | |c 362079 |d 362077 | ||
| 952 | |0 0 |1 0 |3 erd |4 0 |6 242_200000000000000_CIR_1929 |7 0 |8 P |9 472943 |a BIBTEO |b BIBTES |c TEO_FTES |i 5272270 |o 242.2 CIR 1929 |p 5272270 |r 2024-01-18 |w 2019-11-24 |y BK |z Catalogado en:20151204 |k ICR | ||